Statistics for Rolling Stone's Top 100 Greatest Albums

Click here to take the quiz!

General Stats

  • This quiz has been taken 94 times
  • The average score is 55 of 100

Answer Stats

AlbumArtist% Correct
81: BeyoncéBeyoncé
96%
12: ThrillerMichael Jackson
96%
58: Led Zeppelin IVLed Zeppelin
95%
8: Purple RainPrince
93%
5: Abbey RoadThe Beatles
93%
55: The Dark Side Of The MoonPink Floyd
91%
6: NevermindNirvana
90%
86: The DoorsThe Doors
90%
24: Sgt. Pepper's Lonely Hearts Club BandThe Beatles
89%
84: Back In BlackAC/DC
88%
40: The Rise And Fall Of Ziggy Stardust and the Spiders From MarsDavid Bowie
88%
47: RamonesRamones
87%
16: London CallingThe Clash
84%
29: White AlbumThe Beatles
83%
27: Enter The Wu-Tang (36 Chambers)Wu-Tang Clan
83%
21: Born To RunBruce Springsteen
82%
10: The Miseducation of Lauryn HillLauryn Hill
82%
7: RumoursFleetwood Mac
80%
23: The Velvet Underground and NicoThe Velvet Underground
79%
1: What's Going OnMarvin Gaye
78%
70: Straight Outta ComptonN.W.A
78%
2: Pet SoundsThe Beach Boys
78%
62: Appetite For DestructionGuns N' Roses
77%
97: Master Of PuppetsMetallica
77%
42: Ok ComputerRadiohead
77%
11: RevolverThe Beatles
77%
35: Rubber SoulThe Beatles
77%
57: The BandThe Band
72%
33: Back To BlackAmy Winehouse
71%
85: Plastic Ono BandJohn Lennon
71%
4: Songs In The Key Of LifeStevie Wonder
71%
30: Are You ExperiencedJimi Hendrix
70%
36: Off The WallMichael Jackson
68%
69: Jagged Little PillAlanis Morrissette
67%
46: GracelandPaul Simon
66%
80: Never Mind The BollocksThe Sex Pistols
66%
14: Exile On Main StreetThe Rolling Stones
65%
18: Highway 61 RevisitedBob Dylan
63%
20: Kid ARadiohead
63%
72: HarvestNeil Young
61%
96: Automatic For The PeopleR.E.M.
61%
77: Who's NextThe Who
61%
53: Electric LadylandJimi Hendrix
60%
38: Blonde On BlondeBob Dylan
59%
9: Blood On The TracksBob Dylan
57%
25: TapestryCarole King
56%
88: Hunky DoryDavid Bowie
56%
41: Let It BleedThe Rolling Stones
56%
32: LemonadeBeyoncé
54%
74: The College DropoutKanye West
54%
45: Sign O' The TimesPrince
52%
83: Dusty In MemphisDusty Springfield
51%
3: BlueJoni Mitchell
51%
26: HorsesPatti Smith
50%
48: LegendBob Marley and the Wailers
49%
34: InnervisionsStevie Wonder
49%
75: Lady SoulAretha Franklin
48%
37: The ChronicDr. Dre
46%
17: My Beautiful Dark Twisted FantasyKanye West
46%
19: To Pimp A ButterflyKendrick Lamar
46%
90: After The Gold RushNeil Young
46%
15: It Takes a Nation of Millions to Hold Us BackPublic Enemy
46%
91: Darkness On The Edge Of TownBruce Springsteen
45%
87: Bitches BrewMiles Davis
45%
13: I Never Loved a Man the Way I Love YouAretha Franklin
44%
71: ExodusBob Marley and the Wailers
44%
64: StankoniaOutkast
44%
68: Hounds Of LoveKate Bush
43%
63: AjaSteely Dan
43%
99: RedTaylor Swift
43%
52: Station to StationDavid Bowie
41%
31: Kind Of BlueMiles Davis
40%
60: Astral WeeksVan Morrison
40%
22: Ready To DieThe Notorious B.I.G.
38%
78: The Sun SessionsElvis Presley
37%
50: The BlueprintJay-Z
35%
92: Axis: Bold As LoveJimi Hendrix
34%
66: A Love SupremeJohn Coltrane
32%
44: IllmaticNas
32%
100: Music From Big PinkThe Band
32%
65: Live At The ApolloJames Brown
30%
39: Remain In LightTalking Heads
30%
79: BlondeFrank Ocean
29%
56: Exile In GuyvilleLiz Phair
28%
89: BaduizmErykah Badu
27%
49: AqueminiOutkast
27%
76: SuperflyCurtis Mayfield
26%
59: Talking BookStevie Wonder
26%
93: Supa Dupa FlyMissy Elliott
24%
73: LovelessMy Bloody Valentine
24%
43: The Low End TheoryA Tribe Called Quest
23%
95: Take CareDrake
23%
98: Car Wheels On A Gravel RoadLucinda Williams
23%
67: Reasonable DoubtJay-Z
21%
82: There's A Riot Goin' OnSly and The Family Stone
21%
94: Fun HouseThe Stooges
21%
61: Paid In FullEric B. and Rakim
20%
51: The Great Twenty-EightChuck Berry
18%
28: VoodooD'Angelo
16%
54: Star TimeJames Brown
10%

Score Distribution

Percentile by Number Answered

Percent of People with Each Score

Your Score History

You have not taken this quiz